|
|
|
|
| LEADER |
00000nab a2200000 a 4500 |
| 001 |
vtls000707058 |
| 003 |
SK-MaSNL |
| 005 |
20260304181647.0 |
| 008 |
180206c1999 xo 0 slo |
| 015 |
|
|
|a SNBRB1999/10-26504
|
| 035 |
|
|
|a CLN000059225
|
| 040 |
|
|
|a SNKBUCL
|b slo
|c SNKBUCL
|e AACR2
|
| 041 |
0 |
|
|a slo
|
| 044 |
|
|
|a xo
|c SK
|
| 080 |
|
|
|a 63(437.6):658.115.31:338.246.025
|2 UDC-MRF-SK2
|
| 080 |
|
|
|a 658.115.31(437.6)
|2 UDC-MRF-SK2
|
| 080 |
|
|
|a 338.246.025(437.6)
|2 UDC-MRF-SK2
|
| 100 |
1 |
|
|a Peňkovský, Geňo
|4 ain
|9 838737
|
| 245 |
1 |
0 |
|a Podivné rozdiely medzi bilančnou hodnotou a kúpnou cenou subjektov agropotravinárskeho sektora
|c Geňo Peňkovský, Pavol Bielik
|
| 650 |
0 |
7 |
|a pôdohospodárstvo
|2 snkbucl
|9 19449
|
| 650 |
0 |
7 |
|a štátne podniky
|2 snkbucl
|9 2363
|
| 650 |
0 |
7 |
|a privatizácia
|2 snkbucl
|9 2343
|
| 655 |
|
7 |
|a články z novín a časopisov
|2 snkbucl
|9 267496
|
| 700 |
1 |
|
|a Bielik, Pavol
|4 aut
|4 uin
|9 905336
|
| 773 |
0 |
|
|t Roľnícke noviny
|g Č. 200 (18.10.1999), s. 1 a 5
|
| 850 |
|
|
|a Slovenská národná knižnica v Martine
|
| 852 |
|
|
|a SNK
|b KIS3GCP
|
| 958 |
|
|
|a RBX
|
| 999 |
|
|
|c 3025213
|d 3027143
|